000 00672cam a2200229 a 4500
001 000004882
005 20200929151527.0
008 840627s1974 sp 001 f spa
020 _a8472503135 (v. 1)
020 _a8472503143 (v. 2)
020 _a8472503127 (obra completa)
040 _aDO-SdBNP
_bspa
_cBNPHU
082 _a843.6
_bL141r
100 1 _aLaclos, Choderlos de,
_d1741-1803.
_914128
245 1 4 _aLas relaciones peligrosas /
_cChoderlos de Laclos.
260 _aBarcelona :
_bPetronio,
_c1974.
300 _a2 v. ;
_c21 cm.
650 4 _aNovela francesa
_91075
650 4 _aLiteratura francesa
_91074
910 _aCatalogación derivada
910 _aWM
999 _c4688
_d4688